00642nam a2200157 i 450000100060000000300090000600700030001500800410001810000330005924501800009226000630027230000430033570000310037871000430040985200320045269701ES-MaACLt|040709s1980 sp ||||1| spa d1 aGarcía García, Moisés.10aContabilidad social b: del sistema de la circulación económica a los modelos de cuentas nacionales / cMoisés García García ; [prólogo: Leandro Cañibano Calvo]. a[Madrid : bInstituto de Planificación Contable, c1980] aXX, 710 p. : bgráf., il. ; c24 cm.1 aCañibano Calvo, Leandro.2 aInstituto de Planificación Contable. aES-MaACLjL-5471 bR.105984